10 popularnych piosenek Metalliki wg. Spotify - Statystyki

Ogólne statystyki
  • Ten quiz został rozwiązany 22 razy
  • Średni wynik to 8 z 10
Statystyki odpowiedzi
Album Piosenka % Poprawnych
Mettalica Nothing Else Matters
100%
Mettalica Enter Sandman
95%
And Justice for All One
95%
?????? ?? ????? Master of Puppets
85%
Mettalica The Unforgiven
85%
Killem All Seek & Destroy
75%
Garage Inc. Whiskey in The Jar
75%
Reload Fuel
70%
Ride the Lightning For Whom The Bell Tolls
65%
Mettalica Sad But True
65%
Nie znaleziono quizów pasujących do podanych kryteriów
Rozkład punktacji
Procent ludzi z każdym wynikiem
Percentyl według liczby udzielonych odpowiedzi
Twoja historia wyników
Nie rozwiązałeś tego quizu